000 00845nam a22001577a 4500
003 OSt
005 20150921115538.0
008 150921b xxu||||| |||| 00| 0 eng d
040 _cRUA
082 _aAGR SUY 2006 BO33 Or.1
100 _91005
_aSUY,LINNA
245 _aEFFECT OF A B FERTILIZER UTILIZATION ON LETTUCE GROWN IN SOLUTION CONDITION AT ROYAL UNIVERSITY OF AGRICULTURE'S CROP STATION,(ឥទ្ពិពលនៃការប្រើប្រាស់ជៅ អា ប៉រ លើការលូលលាស់ដំណាំសាលាទក្នុងសូលុយស្យុងនៅស្ថានីយ៍ពិសោធន៍ដំណាំនៃសាកលវិទ្យាល័យភូមមិន្ធកសិកម្ម).
260 _aPHNOM PHEN
_bRUA
_c2006
300 _aXIV, 44P.
_bILL.
_c29CM.
942 _2ddc
_cAGR
999 _c963
_d963